| 000 | 00843nam a2200313 a 4500 | ||
|---|---|---|---|
| 003 | AR-BaBNM | ||
| 005 | 20251128203912.0 | ||
| 008 | 082120s2002 ||||||||||||||000 | spa|| | ||
| 040 | _cAR-BaBNM | ||
| 100 | 1 | _aDiaz Romero, Belisario | |
| 245 | 0 | 0 |
_aEnsayo de prehistoria americana _bTiahuanacu y la América primitiva |
| 250 | _a2ª ed. | ||
| 260 |
_aLa Paz _bArnó _c1920 |
||
| 300 | _a199 p. | ||
| 504 | _aLa bibliografía para consultar se encuentra a pie de página | ||
| 650 | 4 | _aANTROPOLOGIA CULTURAL Y SOCIAL | |
| 650 | 4 | _aCULTURAS LATINOAMERICANAS | |
| 650 | 4 | _aINCAS | |
| 650 | 4 | _aETNOLOGIA | |
| 650 | 4 | _aARQUEOLOGIA | |
| 650 | 4 | _aPOBLACIONES ABORIGENES | |
| 650 | 4 | _aSOCIEDAD | |
| 650 | 4 | _aECONOMIA | |
| 650 | 4 | _aRELIGION | |
| 651 | 4 | _aBolivia | |
| 651 | 4 | _aAmérica Latina | |
| 942 | _cBK | ||
| 998 | _cMariana | ||
| 999 |
_c5403 _d5403 |
||